[Event "Mittelfranken Landesliga Nord 2223"]
[Site "Mittelfranken"]
[Date "2023.02.05"]
[Round "6.2"]
[White "Endres, Christian"]
[Black "Rupp, Markus"]
[Result "1/2-1/2"]
[WhiteElo "2158"]
[BlackElo "2154"]
[PlyCount "47"]
[EventDate "2022.10.09"]
[EventType "team-tourn"]
[EventRounds "9"]
[EventCountry "GER"]
[SourceTitle "EXT 2024"]
[Source "ChessBase"]
[SourceDate "2023.10.10"]
[SourceVersion "1"]
[SourceVersionDate "2023.10.10"]
[SourceQuality "1"]
[WhiteTeam "Altensittenbach"]
[BlackTeam "Wuerzburg"]
[WhiteTeamCountry "GER"]
[BlackTeamCountry "GER"]

1. Nf3 d5 2. e3 Nf6 3. c4 c6 4. Nc3 e6 5. Qc2 Bd6 6. b3 0-0 7. Bb2 Nbd7 8. Be2 Re8 9. 0-0 dxc4 10. bxc4 e5 11. d4 Qe7 12. c5 Bc7 13. Bc4 h6 14. a4 e4 15. Nd2 Bxh2+ 16. Kxh2 Ng4+ 17. Kg3 Nxc5 18. Ncxe4 Nxe4+ 19. Nxe4 Qxe4 20. Qxe4 Rxe4 21. Bd3 Re8 22. a5 Bd7 23. Rab1 b6 24. Ba3 1/2-1/2

[Event "Regionalliga Nord-Ost 1718"]
[Site "Bayern"]
[Date "2018.02.04"]
[Round "6.1"]
[White "Endres, Christian"]
[Black "Egger, Thomas"]
[Result "1-0"]
[WhiteElo "2105"]
[BlackElo "2142"]
[PlyCount "95"]
[EventDate "2017.10.22"]
[EventType "team-tourn"]
[EventRounds "9"]
[EventCountry "GER"]
[SourceTitle "EXT 2022"]
[Source "ChessBase"]
[SourceDate "2021.10.06"]
[SourceVersion "1"]
[SourceVersionDate "2021.10.06"]
[SourceQuality "1"]
[WhiteTeam "Altensittenbach"]
[BlackTeam "Buechenbach/Roth"]
[WhiteTeamCountry "GER"]
[BlackTeamCountry "GER"]

1. Nf3 Nf6 2. c4 c5 3. g3 d5 4. cxd5 Nxd5 5. Bg2 Nc6 6. Nc3 Nc7 7. 0-0 e5 8. a3 Rb8 9. Rb1 f6 10. d3 Be7 11. Ne1 Be6 12. Bxc6+ bxc6 13. Qa4 Qd7 14. Ne4 Bh3 15. Ng2 Ne6 16. Be3 f5 17. Nd2 0-0 18. Nf3 f4 19. Bd2 Nd4 20. Nxd4 exd4 21. Bxf4 Rxf4 22. Nxf4 Bxf1 23. Kxf1 Bd6 24. Qc4+ Kh8 25. Qe6 Qc7 26. Nh3 h6 27. Ng1 Rf8 28. Nf3 Rf6 29. Qe8+ Rf8 30. Qh5 Qd7 31. Kg2 Qe6 32. Re1 Rb8 33. Rb1 Rf8 34. Nh4 Kg8 35. b4 Qa2 36. Rc1 Qxa3 37. Rc4 cxb4 38. Rxc6 b3 39. Qd5+ Kh7 40. Rxd6 b2 41. Qe4+ Kg8 42. Qe6+ Kh7 43. Qg6+ Kh8 44. Rd7 Rg8 45. Rb7 Qa2 46. Qf5 Re8 47. Ng6+ Kg8 48. Qd7 1-0

[Event "Regionalliga Nord-Ost 1718"]
[Site "Bayern"]
[Date "2018.01.21"]
[Round "5.1"]
[White "Zvara, Petr"]
[Black "Endres, Christian"]
[Result "1-0"]
[WhiteElo "2379"]
[BlackElo "2105"]
[PlyCount "63"]
[EventDate "2017.10.22"]
[EventType "team-tourn"]
[EventRounds "9"]
[EventCountry "GER"]
[SourceTitle "EXT 2022"]
[Source "ChessBase"]
[SourceDate "2021.10.06"]
[SourceVersion "1"]
[SourceVersionDate "2021.10.06"]
[SourceQuality "1"]
[WhiteTeam "Schwandorf"]
[BlackTeam "Altensittenbach"]
[WhiteTeamCountry "GER"]
[BlackTeamCountry "GER"]

1. e4 c5 2. Nf3 Nc6 3. d4 cxd4 4. Nxd4 Nf6 5. Nc3 e5 6. Ndb5 d6 7. Bg5 a6 8. Na3 b5 9. Nd5 Be7 10. Bxf6 Bxf6 11. c3 0-0 12. Nc2 Rb8 13. h4 Be6 14. Nce3 Bxd5 15. Nxd5 g6 16. h5 Rb7 17. Bd3 Bg5 18. Qg4 f5 19. Qh3 h6 20. hxg6 f4 21. a4 bxa4 22. Rxa4 Rxb2 23. Rxa6 Qc8 24. Qxc8 Rxc8 25. 0-0 Kg7 26. Nb6 Rc7 27. Nc4 Rb3 28. Nxd6 Kxg6 29. Nb5 Rc8 30. Bc4 Rb2 31. Na7 Rc7 32. Nxc6 1-0

[Event "Regionalliga NO 1415"]
[Site "Bayern"]
[Date "2015.02.01"]
[Round "6.3"]
[White "Endres, Christian"]
[Black "Wiemer, Peter"]
[Result "0-1"]
[WhiteElo "2082"]
[BlackElo "2183"]
[PlyCount "54"]
[EventDate "2014.10.19"]
[EventType "team-tourn"]
[EventRounds "9"]
[EventCountry "GER"]
[SourceTitle "EXT 2018"]
[Source "ChessBase"]
[SourceDate "2017.10.13"]
[SourceVersion "1"]
[SourceVersionDate "2017.10.13"]
[SourceQuality "1"]
[WhiteTeam "Altensittenbach"]
[BlackTeam "Zirndorf"]
[WhiteTeamCountry "GER"]
[BlackTeamCountry "GER"]

1. Nf3 Nf6 2. g3 c5 3. Bg2 Nc6 4. 0-0 e5 5. d3 d5 6. c4 Be7 7. cxd5 Nxd5 8. Nc3 Nc7 9. Nd2 Bd7 10. Nc4 f6 11. a4 b6 12. f4 0-0 13. f5 Rb8 14. Bd5+ Kh8 15. e4 Nb4 16. Ne3 Ncxd5 17. Nexd5 Bc6 18. Nxe7 Qxe7 19. Na2 c4 20. dxc4 Qc5+ 21. Rf2 Nxa2 22. Rxa2 Qxc4 23. b3 Qxe4 24. Kf1 Rfd8 25. Rad2 Rd4 26. Rxd4 exd4 27. Bb2 d3 0-1

[Event "Mittelfranken-chTB1 1011"]
[Site "Germany"]
[Date "2011.04.03"]
[Round "8.5"]
[White "Endres, Christian"]
[Black "Maettig, Stefan"]
[Result "1/2-1/2"]
[WhiteElo "1976"]
[BlackElo "1979"]
[PlyCount "59"]
[EventDate "2010.09.26"]
[EventType "team-tourn"]
[EventRounds "9"]
[EventCountry "GER"]
[SourceTitle "EXT 2012"]
[Source "ChessBase"]
[SourceDate "2011.11.24"]
[SourceVersion "1"]
[SourceVersionDate "2011.11.24"]
[SourceQuality "1"]
[WhiteTeam "Altensittenbach"]
[BlackTeam "Nuernberg NT III"]
[WhiteTeamCountry "GER"]
[BlackTeamCountry "GER"]

1. Nf3 Nf6 2. c4 c5 3. d4 cxd4 4. Nxd4 g6 5. Nc3 Bg7 6. e4 d6 7. Be2 Bd7 8. 0-0 0-0 9. b3 Nc6 10. Bb2 a6 11. Kh1 Rc8 12. f3 Qb6 13. Nc2 Be6 14. Qd2 Qa5 15. Rfd1 Qh5 16. Ne3 Bh6 17. Ncd5 Bxd5 18. exd5 Ne5 19. f4 Neg4 20. Nxg4 Nxg4 21. h3 Nf2+ 22. Kg1 Qh4 23. Qd4 Nxh3+ 24. gxh3 Qg3+ 25. Kf1 Qxh3+ 26. Kf2 Qh2+ 27. Kf3 Qh3+ 28. Kf2 Qh2+ 29. Kf3 Qh3+ 30. Kf2 1/2-1/2